Hawthorne : Selected tales and sketches

Guardat en:
Dades bibliogràfiques
Autor principal: Hawthorne, Nathaniel
Format: Llibre
Idioma:Undetermined
Publicat: New York, Estados Unidos Holt, Rinehart and Winston 1967
Matèries:
Etiquetes: Afegir etiqueta
Sense etiquetes, Sigues el primer a etiquetar aquest registre!

MARC

LEADER 00000nam a2200000Ia 4500
008 170316s9999 xx 000 0 und d
040 |a cru BVZT 
090 |a 810 H-10h 
100 |a Hawthorne, Nathaniel 
245 |a Hawthorne : Selected tales and sketches 
260 |a New York, Estados Unidos 
260 |b Holt, Rinehart and Winston 
260 |c 1967 
300 |a 627 páginas 
650 |a LITERATURA ESTADOUNIDENSE 
650 |a EN IDIOMA INGLÉS 
650 |a CUENTOS 
650 |a SKETCHES 
942 |c 15 D 
999 |c 5698  |d 5698